logo

Bir Sreshtho Munshi Abdur Rouf Library
Jhenaidah Cadet College

Unlimited power : (Record no. 5832)

MARC details
000 -LEADER
fixed length control field 01222cam a2200325 a 4500
001 - CONTROL NUMBER
JCCL Control Number 5832
003 - CONTROL NUMBER IDENTIFIER
JCCL marc code BD-JhCC
005 - DATE AND TIME OF LATEST TRANSACTION
control field 20190718134015.0
008 - FIXED-LENGTH DATA ELEMENTS--GENERAL INFORMATION
fixed length control field 970915r19971986nyua 000 0 eng
020 ## - INTERNATIONAL STANDARD BOOK NUMBER
International Standard Book Number 0684845776 (pbk.)
035 ## - SYSTEM CONTROL NUMBER
system control number (BD-JhCC)5832
040 ## - CATALOGING SOURCE
Original cataloging agency DLC
Transcribing agency DLC
Modifying agency DLC
041 ## - LANGUAGE CODE
Language code of Book eng
050 00 - LIBRARY OF CONGRESS CALL NUMBER
Classification number BF637.S8
Item number R56 1997
082 00 - DEWEY DECIMAL CLASSIFICATION NUMBER
Classification number 158.1
DDC Edition number 21
Author mark and Year ROB 1986
100 1# - MAIN ENTRY--PERSONAL NAME
Personal name Robbins, Anthony.
245 10 - TITLE STATEMENT
Title Unlimited power :
Remainder of title the new science of personal achievement /
Statement of responsibility, etc Anthony Robbins.
250 ## - EDITION STATEMENT
Edition statement 1st Fireside ed.
260 ## - PUBLICATION, DISTRIBUTION, ETC. (IMPRINT)
Place of publication, distribution, etc New York :
Name of publisher, distributor, etc Simon & Schuster,
Date of publication, distribution, etc 1997.
300 ## - PHYSICAL DESCRIPTION
Pagination xix, 425 p. :
Other physical details ill. ;
Dimensions 22 cm.
500 ## - GENERAL NOTE
General note Originally published: 1986.
650 #0 - SUBJECT ADDED ENTRY--TOPICAL TERM
Topical term or geographic name as entry element Success
General subdivision Psychological aspects.
650 #0 - SUBJECT ADDED ENTRY--TOPICAL TERM
Topical term or geographic name as entry element Neurolinguistic programming
Form subdivision Popular works.
856 42 - ELECTRONIC LOCATION AND ACCESS
Materials specified Contributor biographical information
Uniform Resource Identifier http://www.loc.gov/catdir/bios/simon051/97035403.html
856 42 - ELECTRONIC LOCATION AND ACCESS
Materials specified Publisher description
Uniform Resource Identifier http://www.loc.gov/catdir/description/simon033/97035403.html
856 41 - ELECTRONIC LOCATION AND ACCESS
Materials specified Table of contents only
Uniform Resource Identifier http://www.loc.gov/catdir/enhancements/fy0630/97035403-t.html
856 41 - ELECTRONIC LOCATION AND ACCESS
Materials specified Sample text
Uniform Resource Identifier http://www.loc.gov/catdir/enhancements/fy0640/97035403-s.html
942 ## - ADDED ENTRY ELEMENTS (KOHA)
Source of classification or shelving scheme Dewey Decimal Classification
Koha item type Books
Koha issues (borrowed), all copies 5
Holdings
Source of classification or shelving scheme Damaged status Not for loan Home library Current library Shelving location Date of accession Total Checkouts Full call number Barcode Date last seen Date checked out Copy number Koha item type
Dewey Decimal Classification     JCC Rouf Library JCC Rouf Library General Stacks 12/27/2017 3 158.1 ROB 1986 8013 11/20/2019 07/17/2019 C - 1 Books

JCC Library | Contacts | JCC Home

Last Update on 23 September 2017
Copyright @ 2017-2020 JCC Rouf Library
Rouf Library, Jhenidah Cadet College (JCC), Bangladesh